书目信息 |
| 题名: |
南宋事功学派及其教育思想
|
|
| 作者: | 章柳泉 著 | |
| 分册: | ||
| 出版信息: | 北京 教育科学出版社 1984 |
|
| 页数: | 112页 | |
| 开本: | 19cm | |
| 丛书名: | 教育科学丛书 | |
| 单 册: | ||
| 中图分类: | G40-092.44 , B244.91 , G40-092 | |
| 科图分类: | ||
| 主题词: | 事功之学-教育思想 , 教育思想-事功之学 | |
| 电子资源: | ||
| ISBN: | ||
| 000 | 00785oam2 2200289 450 | |
| 001 | 1556581026 | |
| 005 | 20150129154323.14 | |
| 010 | @dCNY0.46 | |
| 091 | @a7232.196 | |
| 091 | @a7232.196 | |
| 100 | @a19950526d1984 em y0chiy0110 ea | |
| 101 | 0 | @achi |
| 102 | @aCN@b110000 | |
| 105 | @ay z 000yy | |
| 200 | 1 | @a南宋事功学派及其教育思想@9nan song shi gong xue pai ji qi jiao yu si xiang@f章柳泉著 |
| 210 | @a北京@c教育科学出版社@d1984 | |
| 215 | @a112页@d19cm | |
| 225 | 2 | @a教育科学丛书 |
| 461 | 0 | @12001 @a教育科学丛书 |
| 606 | 0 | @a事功之学-教育思想 |
| 606 | 0 | @a教育思想-事功之学 |
| 690 | @aG40-092.44@v5 | |
| 690 | @aB244.91@v5 | |
| 690 | @aG40-092@v4 | |
| 701 | 0 | @a章柳泉@9zhang liu quan@4著 |
| 801 | 0 | @aCN@bTSSF@c20150129 |
| 905 | @aZUCC@dG40-092@eJY9 | |
| 南宋事功学派及其教育思想/章柳泉著.-北京:教育科学出版社,1984 |
| 112页;19cm.-(教育科学丛书) |
| ISBN :CNY0.46 |
| ● |
| 相关链接 |
|
|
|
|
正题名:南宋事功学派及其教育思想
索取号:G40-092/JY9
 
预约/预借
| 序号 | 登录号 | 条形码 | 馆藏地/架位号 | 状态 | 备注 |
| 1 | 7859588 | 278595888 | 学院路分馆/ [索取号:G40-092/JY9] | 在馆 |